000 00500nam a2200181Ia 4500
008 090122s9999 xx 000 0 und d
082 _b12716
100 _aसायनाकर
_b"शैला,"
_cअनु
245 _aओदं
260 _bसानिया
_c2004
300 _a112
501 _aव्हि के बुक एजन्सीज
600 _aसायनाकर
630 _aओदं
700 _aसायनाकर
730 _aओदं
942 _cBOOK
999 _c36793
_d36793